Normal view
MARC view
- Pervaiz, Iqra
Entry Personal Name
001 - CONTROL NUMBER
- control field: 125916
003 - CONTROL NUMBER IDENTIFIER
- control field: NUST
005 - DATE AND TIME OF LATEST TRANSACTION
- control field: 20240920103208.0
008 - FIXED-LENGTH DATA ELEMENTS
- fixed length control field: 240920|| aca||aabn | a|a d
040 ## - CATALOGING SOURCE
- Original cataloging agency: NUST
- Transcribing agency: NUST
100 ## - HEADING--PERSONAL NAME
- Personal name: Pervaiz, Iqra
670 ## - SOURCE DATA FOUND
- Source citation: Work cat.: (NUST): Pervaiz, Iqra, Designing and Evaluating a Personalized Learning Path Recommendation System in a Formal E-Learning Setting/
